00359 a2200133 4500001000700000020002200007040001100029100002100040240007000061245006500131300000700196362000900203440001300212186547 a978-85-262-4885-4 cMagnum aCompany, Mercè10aAs sobrinhas da bruxa Onilda (as trigêmeas) e o barba azullpor10aAs sobrinhas da bruxa Onilda (as trigêmeas) e o barba azul a310 a2010 1aScipione